Poder y poderes

Uloženo v:
Podrobná bibliografie
Hlavní autor: Zafra Valverde, José (Autor)
Médium: Kniha
Jazyk:španělština
Vydáno: Pamplona Universidad de Navarra 1975
Témata:
Tagy: Přidat tag
Žádné tagy, Buďte první, kdo vytvoří štítek k tomuto záznamu!

MARC

LEADER 00000nam a2200000 a 4500
001 UCT6966
003 CL-VaPUC
008 970113e19750000SP |||||||||||||||||spa|d
082 0 4 |a 320.011  |b ZAF  |2 21 
100 0 |a Zafra Valverde, José  |e author  |9 377435 
245 1 0 |a Poder y poderes 
300 |a 201 p 
942 |c BK 
945 |d 19970113 00:00:00  |a lriquelm 
260 |a Pamplona  |b Universidad de Navarra  |c 1975 
650 0 |a Poder político  |9 255509 
650 7 |a PODER SOCIAL  |2 CL-VaPUC  |9 376134 
650 0 |a Autoridad   |9 257105 
650 7 |a PERSUASION  |2 CL-VaPUC  |9 333321 
650 7 |a TEORIA  |2 CL-VaPUC  |9 377436 
650 0 |a Gobierno   |9 255508 
650 7 |a JEFE DE ESTADO  |2 CL-VaPUC  |9 368237 
583 |a last modification  |c 19970113 00:00:00  |k Rodrigo Vera 
999 |c 255631  |d 255629 
952 |0 0  |1 0  |4 0  |6 320_011000000000000_ZAF_1975  |7 0  |8 A  |9 277972  |a BIBDER  |b BIBDER  |d 2019-11-19  |i 1802313  |o 320.011 ZAF 1975  |p 1802313  |r 2023-01-25  |w 2019-11-19  |y BK  |k DER 
952 |0 0  |1 0  |4 0  |6 320_011000000000000_ZAF_1975  |7 0  |8 DER_TF  |9 277973  |a BIBDER  |b BIBDER  |d 2019-11-19  |i 1880136  |o 320.011 ZAF 1975  |p 1880136  |r 2023-01-25  |w 2019-11-19  |x Ubicación 4to Piso  |y BK  |z Estos recursos deben solicitarse con anticipación  |k DER